Religion Quiz

Random Religion Quiz

The Odyssey Quiz Stats

 Plays Quiz not verified by Sporcle

Also try: Names of Popes
Challenge
Share
Tweet
Embed
Score 0/10 Timer 06:00
0 Plays Today
Odysseus... Answer % Correct
Is watched over by the GoddessAthena
92.7%
Is helped and hindered by the witchCirce
90.6%
Spends time with the friendly ________ EatersLotus
89.7%
Is hindered by the GodPoseidon
87.2%
Descends intoHades
86.3%
Is held captive by the nymphCalypso
85.5%
Blinds the CyclopsPolyphemus
79.5%
Passes between Schylla andCharybdis
78.6%
Eats the sacred cows ofHelios
71.4%
Is aided by the phaecian princessNausicaa
60.7%

You're not logged in!

Compare scores with friends on all Sporcle quizzes.
Join for Free
OR
Log In

You Might Also Like...

Show Comments

Extras

Created Feb 7, 2011ReportNominate
Tags:odyssey

Top Quizzes Today


Score Distribution

Your Account Isn't Verified!

In order to create a playlist on Sporcle, you need to verify the email address you used during registration. Go to your Sporcle Settings to finish the process.

Report this User

Report this user for behavior that violates our Community Guidelines.

Details: